| 000 -LEADER |
| fixed length control field |
00488nam a22001697a 4500 |
| 008 - FIXED-LENGTH DATA ELEMENTS--GENERAL INFORMATION |
| fixed length control field |
131016b xxu||||| |||| 00| 0 alb d |
| 041 0# - LANGUAGE CODE |
| Language code of text/sound track or separate title |
alb |
| 080 ## - UNIVERSAL DECIMAL CLASSIFICATION NUMBER |
| Universal Decimal Classification number |
32 |
| Common auxiliary subdivision |
(497.115) |
| 100 1# - Rafti |
| Rafti |
Kosumi, Bajram |
| 245 10 - TITLE STATEMENT |
| Title |
Koncept për mendimin e ri politik / |
| Statement of responsibility, etc |
Bajram Kosumi. |
| 260 ## - |
| -- |
Prishtinë : |
| -- |
Multigraphics ; |
| -- |
2001. |
| 300 ## - |
| -- |
344 f. : |
| -- |
21 cm. |
| 500 ## - |
| -- |
Parathënie / Merxhan Avdyli : f. 7-8 |
| 650 #0 - |
| -- |
Politika praktike |
| -- |
Kosova |
| 650 #0 - |
| -- |
Konceptet |
| 942 ## - ADDED ENTRY ELEMENTS (KOHA) |
| Source of classification or shelving scheme |
|
| Item type |
Books |